|
|
|
|
| LEADER |
00000nam0a2200000 4500 |
| 001 |
279407 |
| 005 |
20231101235215.0 |
| 035 |
|
|
|a (RuTPU)RU\TPU\book\302685
|
| 090 |
|
|
|a 279407
|
| 100 |
|
|
|a 20141218d1978 k y0rusy50 ca
|
| 101 |
0 |
|
|a rus
|
| 102 |
|
|
|a RU
|
| 105 |
|
|
|a a z 001zy
|
| 200 |
1 |
|
|a Экспериментальные сейсмические исследования недр Земли
|f Л. В. Антонова [и др.]
|g Академия наук СССР (АН СССР), Институт физики Земли им. О. Ю. Шмидта (ИФЗ)
|
| 210 |
|
|
|a Москва
|c Наука
|d 1978
|
| 215 |
|
|
|a 159 с.
|c ил.
|
| 320 |
|
|
|a Библиогр.: с. 152-155.
|
| 606 |
1 |
|
|a Земля
|x Строение в целом
|2 stltpush
|3 (RuTPU)RU\TPU\subj\11738
|9 38645
|
| 606 |
1 |
|
|a Сейсмология
|2 stltpush
|3 (RuTPU)RU\TPU\subj\54391
|9 72548
|
| 610 |
1 |
|
|a сейсмические волны
|
| 610 |
1 |
|
|a распространение
|
| 610 |
1 |
|
|a изучение
|
| 610 |
1 |
|
|a кривые волны
|
| 610 |
1 |
|
|a верхняя мантия
|
| 610 |
1 |
|
|a строение
|
| 610 |
1 |
|
|a Центральная Азия
|
| 610 |
1 |
|
|a продольные волны
|
| 610 |
1 |
|
|a флуктуации
|
| 610 |
1 |
|
|a характеристики
|
| 610 |
1 |
|
|a геолого-геофизические поля
|
| 610 |
1 |
|
|a магнитные аномалии
|
| 610 |
1 |
|
|a амплитуды
|
| 675 |
|
|
|a 551.1
|v 3
|
| 675 |
|
|
|a 550.34
|v 3
|
| 701 |
|
1 |
|a Антонова
|b Л. В.
|g Людмила Валентиновна
|
| 701 |
|
1 |
|a Аптикаев
|b Ф. Ф.
|g Феликс Фуадович
|
| 701 |
|
1 |
|a Курочкина
|b Р. И.
|g Римма Ивановна
|
| 701 |
|
1 |
|a Нерсесов
|b И. Л.
|g Игорь Леонович
|
| 701 |
|
1 |
|a Николаев
|b А. В.
|g Алексей Всеволодович
|
| 701 |
|
1 |
|a Рузайкин
|b А. И.
|g Александр Иванович
|
| 712 |
0 |
2 |
|a Академия наук СССР (АН СССР)
|b Институт физики Земли им. О. Ю. Шмидта (ИФЗ)
|c (Москва)
|c (1956-1991)
|2 stltpush
|3 (RuTPU)RU\TPU\col\209
|
| 801 |
|
1 |
|a RU
|b 63413507
|c 20141218
|
| 801 |
|
2 |
|a RU
|b 63413507
|c 20171214
|g RCR
|
| 942 |
|
|
|c BK
|